|
|
|
|
| LEADER |
00000nas a2200000 a 4500 |
| 001 |
ssj0001812 |
| 003 |
WaSeSS |
| 005 |
20200512172242.0 |
| 006 |
m d |
| 007 |
cr n |
| 008 |
011209c19269999dcubr pss 0 a0eng c |
| 010 |
|
|
|a 2007215268
|
| 015 |
|
|
|a GBB5H0120
|2 bnb
|
| 016 |
7 |
|
|a 016006636
|2 Uk
|
| 022 |
|
|
|a 1940-1191
|l 0035-7529
|y 0035-7529
|
| 030 |
|
|
|a ROCMAR
|
| 035 |
|
|
|a (WaSeSS)ssj0001812
|
| 037 |
|
|
|b Heldref Publications, 1319 Eighteenth St., N.W., Washington, DC 20036-1806
|
| 040 |
|
|
|a HNK
|b eng
|e pn
|c HNK
|d OCLCQ
|d NSD
|d CIT
|d LGG
|d OCLCQ
|d UKMGB
|d OCLCQ
|d AGL
|d OCLCF
|d OCLCO
|d OCLCQ
|d NLE
|d AU@
|d VT2
|d DLC
|d WaSeSS
|
| 042 |
|
|
|a pcc
|a nsdp
|
| 050 |
0 |
0 |
|a QE351
|
| 070 |
0 |
|
|a QE351
|b .R63
|
| 082 |
1 |
0 |
|a 549
|2 14
|
| 130 |
0 |
|
|a Rocks and minerals (Washington, D.C. : Online)
|
| 222 |
|
0 |
|a Rocks and minerals (Washington, D.C. Online)
|
| 245 |
1 |
0 |
|a Rocks and minerals
|h [electronic resource].
|
| 246 |
3 |
|
|a Rocks & minerals
|
| 260 |
|
|
|a Washington, DC :
|b Heldref Publications
|
| 310 |
|
|
|a Bimonthly
|
| 362 |
1 |
|
|a Print began in 1926.
|
| 506 |
|
|
|a License restrictions may limit access.
|
| 538 |
|
|
|a Mode of access: World Wide Web.
|
| 588 |
|
|
|a Description based on: Vol. 73, iss. 4 (July/Aug. 1998); title from title information screen (viewed Sept. 13, 2001).
|
| 588 |
|
|
|a Latest issue consulted: Vol. 94, no. 3 (2019) (Taylor & Francis website, viewed May 3, 2019).
|
| 650 |
|
0 |
|a Mineralogy
|v Periodicals.
|
| 650 |
|
7 |
|a Mineralogy.
|2 fast
|0 (OCoLC)fst01022406
|
| 655 |
|
0 |
|a Electronic journals.
|
| 776 |
1 |
|
|t Rocks and minerals
|x 0035-7529
|w (DLC) 36014675
|w (OCoLC)1764460
|
| 850 |
|
|
|a DLC
|
| 856 |
4 |
0 |
|z Full text available from Research Library: 07/01/1998 to 11/30/2010
|u https://search.proquest.com/publication/37041
|